Normal view
MARC view
- Design and Manufacturing MS-Thesis.
Entry Topical Term
001 - CONTROL NUMBER
- control field: 25728
003 - CONTROL NUMBER IDENTIFIER
- control field: NUST
005 - DATE AND TIME OF LATEST TRANSACTION
- control field: 20191118100735.0
008 - FIXED-LENGTH DATA ELEMENTS
- fixed length control field: 191118|| aca||aabn | a|a d
040 ## - CATALOGING SOURCE
- Original cataloging agency: NUST
- Transcribing agency: NUST
150 ## - HEADING--TOPICAL TERM
- Topical term or geographic name entry element: Design and Manufacturing MS-Thesis.
670 ## - SOURCE DATA FOUND
- Source citation: Work cat.: (NUST): Saeed, MuhammadHamad. 25727, Investigation on the Micromilling of Titanium allyos Ti6A14V /, 2019.
